00461nam a2200145Ia 4500008004100000020001600041050002800057100002300085245005700108260004400165300002300209440003500232520001300267650003500280150610s9999 xx 000 0 und d a0 448089475 aPS3507b.I9274 H37 1996 aDixon, Franklin W. aMystery of the whale tattoo /cby Franklin W. Dixon. aNew York : bGrosset & Dunlap,c1996. a174pages ;c20 cm. aHardy boy mystery stories ; 47 aFiction. xDetective and mystery stories.